Effectif FC Barcelone saison 2024/2025 - Statistiques

Statistiques générales
  • Ce quiz a été pris 16 858 fois
    5 479 depuis la dernière actualisation
  • Le résultat moyen est 18 sur 23
Statistiques - réponses
Hint Réponse % Correct
A Lamine Yamal
95%
M Pedri
94%
A Raphinha
94%
A Robert Lewandowski
94%
D Jules Kounde
92%
G Marc-André ter Stegen
91%
M Gavi
90%
Coach Hansi Flick
90%
D Alejandro Baldé
86%
D Ronald Araújo
86%
D Pau Cubarsí
83%
M Frenkie de Jong
82%
A Ferran Torres
79%
D Íñigo Martínez
75%
M Dani Olmo
73%
G Iñaki Peña
71%
M Fermín López
67%
M Pablo Torre
64%
D Andreas Christensen
60%
D Eric Garcia
56%
D Héctor Fort
56%
A Pau Víctor
47%
A Ansu Fati
44%
Aucun quiz correspondant
Distribution des résultats
% des personnes avec chaque résultat
Percentile par nombre de réponses
Votre historique - résultats
Vous n’avez pas pris ce quiz depuis la dernière actualisation